| Tag |
First Indicator |
Second Indicator |
Subfields |
| LEADER |
00000cam a2200000 4500 |
| 001 |
in00000042373 |
| 005 |
20151007072700.0 |
| 008 |
730830s1909 nyua 00011 eng |
| 010 |
|
|
|a 09008570
|
| 035 |
|
|
|a (OCoLC)00683981
|
| 035 |
|
|
|9 AAE8360AM
|
| 040 |
|
|
|c VTU
|d TXA
|d UtOrBLW
|
| 049 |
|
|
|a TXAS [scif]
|c 1
|a TXAS [kipl]
|c 2,3
|
| 050 |
0 |
0 |
|a PZ3.K629
|b Wh
|
| 090 |
|
|
|a PR4854
|b .W57 1909
|
| 100 |
1 |
|
|a Kipling, Rudyard,
|d 1865-1936.
|
| 245 |
1 |
0 |
|a With the night mail :
|b a story of 2,000 A.D., together with extracts from the contemporary magazine in which it appeared /
|c by Rudyard Kipling ; illustrated in color by Frank X. Leyendecker and H. Reuterdahl.
|
| 264 |
|
1 |
|a New York :
|b Doubleday, Page,
|c 1909.
|
| 300 |
|
|
|a 77 pages :
|b illustrations ;
|c 20 cm.
|
| 336 |
|
|
|a text
|b txt
|2 rdacontent
|
| 337 |
|
|
|a unmediated
|b n
|2 rdamedia
|
| 338 |
|
|
|a volume
|b nc
|2 rdacarrier
|
| 999 |
|
|
|a MARS
|
| 999 |
f |
f |
|s 3a7c8166-3e7b-32cd-babd-5aa141df67d3
|i e336f141-7058-3c60-83f2-b6b6e05caac6
|t 0
|
| 952 |
f |
f |
|p noncirc
|a Texas A&M University
|b College Station
|c Cushing Memorial Library & Archives
|d Cushing: Literature/Kipling (Does not check out)
|t 0
|e PR4854 .W57 1909
|h Library of Congress classification
|i unmediated -- volume
|
| 952 |
f |
f |
|p noncirc
|a Texas A&M University
|b College Station
|c Cushing Memorial Library & Archives
|d Cushing: Literature/Kipling (Does not check out)
|t 0
|e PR4854 .W57 1909
|h Library of Congress classification
|i unmediated -- volume
|
| 952 |
f |
f |
|p noncirc
|a Texas A&M University
|b College Station
|c Cushing Memorial Library & Archives
|d Cushing: Science Fiction (Does not check out)
|t 0
|e PR4854 .W57 1909
|h Library of Congress classification
|i unmediated -- volume
|
| 998 |
f |
f |
|a PR4854 .W57 1909
|t 0
|l Cushing: Literature/Kipling (Does not check out)
|
| 998 |
f |
f |
|a PR4854 .W57 1909
|t 0
|l Cushing: Science Fiction (Does not check out)
|
| 998 |
f |
f |
|a PR4854 .W57 1909
|t 0
|l Cushing: Literature/Kipling (Does not check out)
|